LEADER 01310nam a2200349 i 4500 001 991002949079707536 008 160721s2015 de a b 001 0 eng d 020 $a9783662468449 035 $ab1425881x-39ule_inst 040 $aBibl. Dip.le Aggr. Matematica e Fisica - Sez. Matematica$beng 082 0 $a515.724$223 084 $aAMS 47B38 084 $aAMS 30H20 084 $aAMS 30J10 084 $aAMS 47B32 084 $aLC QA331.7.G86 100 1 $aGuo, Kunyu$067615 245 10$aMultiplication operators on the Bergman space /$cKunyu Guo, Hansong Huang 260 $aBerlin :$bSpringer,$cc2015 300 $aviii, 322 p. :$bill. ;$c24 cm 440 0$aLecture notes in mathematics,$x0075-8434 ;$v2145 504 $aIncludes bibliographical references and index 650 0$aOperator theory 650 0$aFunctional analysis 650 0$aBergman spaces 700 1 $aHuang, Hansong$eauthor$4http://id.loc.gov/vocabulary/relators/aut$0721401 907 $a.b1425881x$b22-11-16$c21-07-16 912 $a991002949079707536 945 $aLE013 47B GUO11 (2015)$g1$i2013000293899$lle013$op$pE46.79$q-$rl$s- $t0$u1$v0$w1$x0$y.i15789111$z22-11-16 996 $aMultiplication operators on the Bergman space$91413236 997 $aUNISALENTO 998 $ale013$b21-07-16$cm$da $e-$feng$gde $h0$i0 LEADER 00736nam0-2200265 --450 001 9910844696403321 005 20240418111350.0 100 $a20240418d1987----kmuy0itay5050 ba 101 0 $aeng 102 $aUS 105 $aa 001yy 200 1 $a1987 Medical and health annual 210 $aChicago$cEncyclopedia Britannica, Inc.$d1987 215 $a542 p.$cill.$d29 cm 610 0 $aMedicina$aEnciclopedie e dizionari 610 0 $aMdicina$aAnnuari 676 $a610.3$v20$zita 676 $a610.5$v20$zita 801 0$aIT$bUNINA$gREICAT$2UNIMARC 901 $aBK 912 $a9910844696403321 952 $aA MIC 661$b3982/2024$fFAGBC 959 $aFAGBC 996 $a1987 Medical and health annual$94152306 997 $aUNINA